00957cam a2200229 a 450000100060000000300080000600500170001400800410003103500190007203500190009104000370011004100080014708200210015510000400017624502620021624600410047826000380051930000350055765100470059265100500063970000380068924660BD-RJUL20211209001100.0140315t1888 enkah 001 0 eng d a(BD-RJUL)24729 a(OCoLC)1452088 aDLCcCINdSERdEQOdBD-RjULbeng aeng04a942.06bCLH 18881 aClarendon, Edward Hyde,d1609-1674.14aThe history of the Rebellion and civil wars in England begun in the year 1641 /cEdward, Earl of Clarendon ; re-edited from a fresh collation of the original ms. in the Bodleian Library, with marginal dates and occasional notes, by W. Dunn Macray.nVolume-218aClarendon's history of the Rebellion aOxford :bClarendon Press,c1888. aV-2 (550 p.) :bill. ;c20 cm. 0aGreat BritainxHistoryyStuarts, 1603-1714 0aGreat BritainxHistoryyCivil War, 1642-1649.1 aMacray, William Dunn,d1826-1916.